Statistics for Advanced Spanish Vocabulary

Click here to take the quiz!

General Stats

  • This quiz has been taken 79 times
  • The average score is 7 of 15

Answer Stats

HintAnswer% Correct
RelojWatch
92%
VentanaWindow
91%
EdificioBuilding
83%
EscritorioDesk
83%
EscaleraStairs
75%
MochilaBackpack
72%
AlfombraCarpet
58%
CarteraPurse
42%
CascoHelmet
38%
MatafuegoFire extinguisher
28%
EscenarioStage
25%
Vias de trenTrain tracks
18%
ResaltadorHighlighter
12%
AspiradoraVaccum Cleaner
12%
CartucheraPencil case
9%

Score Distribution

Percentile by Number Answered

Percent of People with Each Score

Your Score History

You have not taken this quiz